| 000 | 00708 a2200169 4500 | ||
|---|---|---|---|
| 003 | Nust | ||
| 005 | 20230531124748.0 | ||
| 020 | _a0201175525 | ||
| 040 | _cNust | ||
| 082 | _a005.43,ADD | ||
| 245 |
_aX MANUAL SET VOL3 : _bX intrinsics and athena widgets / _cAddison wesely |
||
| 250 | _avol 3 | ||
| 260 |
_aNEW YORK _bAddison wesely _c1985 |
||
| 500 | _avol 3 | ||
| 505 | _aSection 3xt Cross reference (Page-), Intrinsic Function, Section 3xt Manual Pages (Page-), x Toolkit Intrinsic- C Language Interface (Page-), x Toolkit Athena Widgets- C Language Interface (Page-), A simple X11 Client Program (Page-), Converting Widgets from x11 Release2 to X11 Release 3 (Page-). | ||
| 942 |
_2ddc _cBK _k005.43,ADD |
||
| 999 |
_c198694 _d198694 |
||